Социализмът и личността (Запис номер 433865)
[ съкратено ]
| 000 -Лидер | |
|---|---|
| Контролно поле с фиксирана дължина | nam a22 a 4500 |
| 003 - Код на организацията, давaща контролен номер | |
| Контролно поле | BLK |
| 005 - Дата и час на последна редакция | |
| Контролно поле | 20211014162908.0 |
| 008 - Елементи от данни с фиксирана дължина | |
| fixed length control field | 180410b bul|||||r ||||||| ||bul|| |
| 010 ## - Наследен системен номер | |
| LC control number | KNG00173404000 |
| 040 ## - Източник на каталожния запис | |
| Идентификатор на билиотеката - собственик на записа | BLK |
| 041 ## - Код за език | |
| Код за езика на текст/звукозапис или на отделно заглавие | Български |
| Код за езика КДБФ | Български |
| 080 ## - УДК | |
| Текстов определител УДК | Социалистическа демокрация. Диктатура на пролетариата. Съветска форма на социалистическа държава. Народна демокрация |
| УДК код - определител по УДК | 321.74 |
| УДК - код + определител | 321.74 |
| 080 ## - УДК | |
| УДК код - определител по УДК | 141.8 |
| УДК - код + определител | 141.8 |
| 080 ## - УДК | |
| Текстов определител УДК | Социология на културата и цивилизацията |
| УДК код - определител по УДК | 316.7 |
| УДК - код + определител | 316.7 |
| 100 ## - Редна дума - Автор | |
| Автор | Орловцев, Фома Яковлевич |
| Авторска отговорност | първи автор |
| R(LIN) | 1299 |
| 139 ## - Редно поле | |
| Редна дума | Орловцев, Фома Яковлевич |
| 245 10 - Сведения за заглавието | |
| Заглавие | Социализмът и личността |
| Редно поле (дума) | Фома Яковлевич Орловцев ; прев. от рус. Лазар Младенов. |
| 257 ## - Страна на издаване | |
| Страна на създаване/издаване | СССР |
| 260 ## - Област на издателските данни | |
| Място на издаване, разпространение и проч. | София |
| Име на издателя, разпространителя и проч. | БКП |
| Година на издаване | 1957 |
| 9 (RLIN) | 212206 |
| 300 ## - Физическа характеристика | |
| Страници | 148 с. |
| Размери/Мащаб | 21 см |
| 380 ## - Жанр | |
| Жанр | Обществени науки |
| 500 ## - Общи забележки | |
| Забележка | 5 000 тир. |
| 650 #7 - Допълнително описание по предмет – тема | |
| Основно описание – тема или топоним | Личност |
| 9 (RLIN) | 160674 |
| 653 ## - Ключова дума – ненормативна | |
| Ключова дума | социализъм |
| 653 ## - Ключова дума – ненормативна | |
| Ключова дума | социалистическо общество |
| 653 ## - Ключова дума – ненормативна | |
| Ключова дума | личности |
| 653 ## - Ключова дума – ненормативна | |
| Ключова дума | свобода на личността |
| 700 ## - Други автори (авторска отговорност) | |
| Лично име | Младенов, Лазар |
| Автороска отговорност (Описва отношението между автора и произведението) | прев. от рус. |
| 9 (RLIN) | 367242 |
| 852 ## - Местоположение | |
| Форматна сигнатура | Цб 5030 |
| Фондова буква | Основен фонд - ползва се само за читалня |
| 856 4# - Електронен адрес и достъп | |
| Електронен формат | pdf - файл |
| 856 4# - Електронен адрес и достъп | |
| Електронен формат | pdf - файл |
| 999 ## - СИСТЕМНИ КОНТРОЛНИ НОМЕРА | |
| Koha biblionumber | 433865 |
| Koha biblioitemnumber | 433865 |
| 942 ## - АРТИКУЛИ | |
| Вид на библиотечния материал | Книги |
| Скрит в OPAC | Не |
| Периодичен библиозапис | Не |
| 944 ## - СЪЗДАВАНЕ И РЕДАКЦИЯ на ЗАПИСА | |
| Създаване/Редакция | Създаване |
| Дата на регистрацията/редакция | 2021-10-14 |
| Служител, извършил регистрацията/редакцията | ЦТ |
| Код за отписване | Код за изгубен артикул | Източник на класификационната схема | Код за повреда | Коз за рестрикции | Код за отдаване | Артикулен № | Име на библиотеката - собственик | Име на библиотеката, в която се намира в момента | Статус (Текущо местоположение) | Дата на вписване в системата | Местоположение - отдел | Цена в лева | Инвентарен номер | Систематично азбучна сигнатура | Баркод | Цена в евро | Служебен тип на артикула |
|---|---|---|---|---|---|---|---|---|---|---|---|---|---|---|---|---|---|
| Не е изгубен | Universal Decimal Classification | Не е повреден | само за читалня | ползва се в читалня | 859294 | Регионална библиотека "Любен Каравелов" Русе | Регионална библиотека "Любен Каравелов" Русе | Хранилище | 2021-10-29 | Основен фонд - ползва се само за читалня | 0.28 | 2541/57 | Цб 5030 | 900000080343 | 0.14 | Книги |